Curso de creatividad : personal, científica, gerencial /

Guardado en:
Autor Principal: Guerrero, Ariel H.
Formato: Libro
Publicado: Buenos Aires : El Ateneo, 1992
Edición:2a. ed.
Materias:
Etiquetas: Agregar Etiqueta
Sin Etiquetas, Sea el primero en etiquetar este registro!
LEADER 01044nam a22002415a 4500
001 CEM.cems007393
005 20070328192303.0
008 130507s1992##################000#0#####d
003 CEMS
020 |a 9500257866 
082 0 4 |a 153.35 
100 1 |a Guerrero, Ariel H. 
245 1 0 |a Curso de creatividad :  |b personal, científica, gerencial /  |c Ariel H. Guerrero 
250 |a 2a. ed. 
260 |a Buenos Aires :  |b El Ateneo,  |c 1992 
300 |a 163 p. 
505 0 |a Creatividad: un razgo humano -- Tecnicas para la innovación -- Método científico -- Sinética -- Pensamiento lateral -- Métodos predictivos -- Método integral -- Teoría y evaluación de la creatividad -- Creatividad en ciencia y tecnología -- Creatividad gerencial -- Sociedad y creatividad -- Reflexiones finales -- Actividades creativas 
653 |a Creatividad 
653 |a Creatividad gerencial 
653 |a Creatividad y sociedad 
653 |a Método científico 
653 |a Pensamiento lateral 
859 |a CEMS  |b BIB. CEMS - 11 de abril  |h 153.35  |i G937a2  |p 17272.93  |t Ej.1